000 00781nam a2200205 a 4500
003 AM-YEHGA
005 20250618080207.0
008 030805s1889 ru |||||r|||||000 0|arm||
040 _aAM-YeHGA
041 0 _aarm
100 1 _aՏուրգենև, Իվան Սերգեևիչ,
_d1818-1883
_95323
245 1 0 _aԱսեա /
_cԻ. Տուրգենև ; Թարգմ.՝ Աղ. Ծատուրեան.
260 _aՍ. Պետերբուրգ :
_bտպ. Ի.Ն. Սկորոխոդով,
_c1889.
300 _a64 էջ ;
_c23 սմ.
500 _aԱրտատպուած՝ «Արաքս» պատկերազարդ հանդիսից։
650 1 4 _aՌուս արձակ
700 1 _aԾատուրյան, Ալեքսանդր Հովսեփի,
_d1865-1917
_eթարգմ.
_4trl
_91663
942 _2udc
_cBK
090 _c572397
999 _c533375
_d533375